00958nam a22002652a 450000100060000000300080000600500170001400800410003102000140007203500460008604000420013204100080017408200210018210000310020324500760023426000340031030000240034450400200036865000190038865000600040770000430046794200120051099900170052295201530053918024BD-RjUL20211209000227.0140219s1970 enk 001 0 eng d a019414463 aOCLC ocm00115728 from D960517Ma(BD-RjUL) aDLCcDLCdOCLdUKMdEQOdBD-RjULbeng aeng a428.64bMAN 19701 aMay, Derwent James.92451612aA new introduction to English literature /cby D. J. May and L. A. Hill aLondon :bOxford U.P,cc1970. avi, 135 p. ;c22 cm aIncludes Index. 0aReaders955562 0aEnglish languagevTextbooks for foreign speakers9227631 aHill, L. A.q(Leslie Alexander)924514 2ddccBK c18024d18024 00102ddc40718NFICaRUCLbRUCLcReadingd1974-05-09eOxford University Press.g7.70l0o428.64 MAN 1970r2014-02-19 00:00:00tC-1w2014-02-19yBK